| 000 | 00362nam a2200145Ia 4500 | ||
|---|---|---|---|
| 008 | 240624s9999 xx 000 0 und d | ||
| 041 | _aeng | ||
| 082 | _a658.4063 DAV | ||
| 100 | _aDAVILA TONY | ||
| 245 | _aCREATIVE ENTERPRISE MANAGING INNOVATIVE | ||
| 260 |
_c2007 _aLondon _bPraeger |
||
| 300 | _axiii, : 202 : p. : cm. ; 23 | ||
| 365 |
_c _b28 |
||
| 440 | _v3 | ||
| 999 |
_c22585 _d22585 |
||